| 000 | 00584nam a2200193 i 4500 | ||
|---|---|---|---|
| 001 | 77721 | ||
| 003 | ES-MaACL | ||
| 005 | 20230906173344.0 | ||
| 007 | t| | ||
| 008 | 041105s2000 sp a |||| | spa d | ||
| 080 | _a330.15(460):504.45 | ||
| 100 | 1 |
_aLamela, Antonio. _969836 |
|
| 245 | 1 | 4 |
_aUna iniciativa para la política hídrica de España / _cAntonio Lamela. |
| 260 |
_aMadrid : _b[Antonio Lamela], _c2000. |
||
| 300 |
_a100 p. : _bil. ; _c29 cm. |
||
| 650 | 1 | 4 |
_aRecursos hidráulicos- _zEspaña. _9161400 |
| 650 | 4 |
_aGestión del agua. _9142076 |
|
| 852 |
_aES-MaACL _jL-28385 |
||
| 999 |
_c77721 _d77721 |
||